| 000 | 00771nam a2200217Ia 4500 | ||
|---|---|---|---|
| 003 | GCL | ||
| 008 | 140319s9999 xx 000 0 ara d | ||
| 040 |
_aGCL / _cGCL |
||
| 082 | 0 | 4 |
_a539.01 _bد ع |
| 100 | 1 | _aديفيس، بول | |
| 245 | 1 | 0 |
_aالعوالم الاخرى: صوره الكون والعقل المادة والزمن فى الفيزاياء الحديثة / _cديفيس، بول |
| 700 | 1 | _aحاتم النجدى | |
| 250 | _aالاولى | ||
| 260 |
_aسوريا : _bدار طلاس للدراسات والترجمة ، _c1990 |
||
| 300 |
_a217 ص ؛ _c24 سم |
||
| 490 |
_aسلسلة الثقافة المميزة _v1 |
||
| 650 | 0 | 4 | _aنظريات |
| 650 | 0 | 4 | _aمقالات ومحاضرات |
| 650 | 0 | 4 | _aالفيزياء |
| 942 |
_2ddc _cBK |
||
| 999 |
_c52721 _d52721 |
||